| 000 | 00694nam a2200217 4500 | ||
|---|---|---|---|
| 001 | 126318 | ||
| 003 | ES-MaACL | ||
| 005 | 20250913154000.0 | ||
| 007 | t| | ||
| 008 | 070214s1978 sp r ||||1| spa d | ||
| 100 | 1 |
_aRémy, Yves. _996164 |
|
| 245 | 1 | 0 |
_aBrahms / _cYves Rémy y Ada Rémy ; traducción del francés por Felipe Ximénez de Sandoval. |
| 260 |
_aMadrid : _bEspasa-Calpe, _c1978. |
||
| 300 |
_a158 p. : _bil. ; _c18 cm. |
||
| 490 | 1 | _aClásicos de la música | |
| 700 | 1 |
_aRémy, Ada. _996158 |
|
| 700 | 1 |
_aXiménez de Sandoval, Felipe, _d1903-1978 _9117510 |
|
| 830 | 0 |
_aClásicos de la música _9181484 |
|
| 852 |
_aES-MaACL _jA-8637 _bR.97647 |
||
| 999 |
_c126318 _d126318 |
||